| 000 | 00383nam a22001457a 4500 | ||
|---|---|---|---|
| 005 | 20170406104437.0 | ||
| 008 | 170406b xxu||||| |||| 00| 0 eng d | ||
| 020 | _a81-85873-31-3 | ||
| 041 | _aeng | ||
| 100 |
_aKAUL, T.N. AND DHAR, B.L. _93833 |
||
| 245 | _aBIOLOGY AND CULTIVATION EDIBLE MUSHROOMS | ||
| 260 |
_aNEW DELHI _bWESTVILLE PUBLISHING _c2007 |
||
| 300 | _a225 | ||
| 942 | _cBK | ||
| 999 |
_c5429 _d5427 |
||